Countries that Beat Pakistan - Statistics

General Stats
  • This quiz has been taken 67 times
    51 since last reset
  • The average score is 12 of 15
Answer Stats
Rank Hint Country % Correct
#2 Tallest mountain China/Nepal
100%
#5 Most populated country China | India | United States | Indonesia
97%
#4 Largest amount of irrigated land China | India | United States
95%
#2 Most muslims Indonesia
95%
#2 Country with the largest mosque Saudi Arabia
92%
#10 Highest % of muslims outside of Africa Afghanistan | Iran | Turkey | Yemen | Maldives | Tajikistan | Jordan | Saudi Arabia | Azerbaijan
89%
#11 Most densly populated country over 30,000 km in size Bangladesh | Taiwan | South Korea | India | Netherlands | Japan | Sri Lanka | Philippines | Vietnam | United Kingdom
89%
#2 Largest -stan country by area Kazakhstan
89%
#2 Largest country by size beginning with 'P' Peru
89%
#8 Largest city beginning with 'I' (Name the country, not city) Turkey | Nigeria | South Korea | India | Mexico | Iran | United States
84%
#2 Last confirmed country to have nuclear weapons North Korea
79%
#5 Country flag with the most green Saudi Arabia | Turkmenistan | Bangladesh | Zambia
71%
#1(t) Asian country that lets females work in the military North Korea | South Korea
58%
#2 Most refugees Turkey
45%
#2 Largest underground salt mine Canada
34%
No matching quizzes found
Score Distribution
Percent of People with Each Score
Percentile by Number Answered
Your Score History
You have not taken this quiz since the last reset